[Event "Samara Zhigulevskie Prostory op"]
[Site "Samara"]
[Date "2007.07.24"]
[Round "5"]
[White "Lukyanov, Artiom"]
[Black "Sudarkin, Gregory"]
[Result "1/2-1/2"]
[WhiteElo "1996"]
[BlackElo "2154"]
[PlyCount "100"]
[EventDate "2007.07.20"]
[EventType "swiss"]
[EventRounds "9"]
[EventCountry "RUS"]
[SourceTitle "EXT 2022"]
[Source "ChessBase"]
[SourceDate "2021.10.06"]
[SourceVersion "1"]
[SourceVersionDate "2021.10.06"]
[SourceQuality "1"]

1. e4 c5 2. Nf3 a6 3. c4 Nc6 4. d4 cxd4 5. Nxd4 Nf6 6. Nc3 e6 7. Nc2 Qc7 8. Be2 Be7 9. 0-0 0-0 10. Be3 Ne5 11. b3 d6 12. Qd2 Bd7 13. Rfd1 Rfe8 14. Rac1 Rad8 15. f3 Bc8 16. Qe1 Nfd7 17. Qf2 b6 18. f4 Ng6 19. b4 Bb7 20. Bf3 Qxc4 21. Na4 Qxa2 22. Ra1 Qc4 23. Rdc1 Bxe4 24. Nd4 Qd5 25. Nc3 Bxf3 26. Nxd5 Bxd5 27. Nc6 Rc8 28. Nxe7+ Nxe7 29. Bxb6 Bc4 30. Bd4 Rc6 31. Qd2 Rec8 32. Rc2 f6 33. Rac1 d5 34. Re1 Nf5 35. g4 Nxd4 36. Qxd4 e5 37. fxe5 Nxe5 38. Rxe5 fxe5 39. Qxe5 Rf6 40. Rf2 Rxf2 41. Kxf2 Rf8+ 42. Ke3 h6 43. h4 Kf7 44. Kd4 Re8 45. Qh5+ g6 46. Qxh6 Re4+ 47. Kc5 Rxg4 48. Qh7+ Kf6 49. Qh8+ Kf5 50. h5 gxh5 1/2-1/2

[Event "Samara Zhigulevskie Prostory op"]
[Site "Samara"]
[Date "2007.07.22"]
[Round "3"]
[White "Svoekoshinov, Igor"]
[Black "Sudarkin, Gregory"]
[Result "1-0"]
[WhiteElo "2036"]
[BlackElo "2154"]
[PlyCount "75"]
[EventDate "2007.07.20"]
[EventType "swiss"]
[EventRounds "9"]
[EventCountry "RUS"]
[SourceTitle "EXT 2022"]
[Source "ChessBase"]
[SourceDate "2021.10.06"]
[SourceVersion "1"]
[SourceVersionDate "2021.10.06"]
[SourceQuality "1"]

1. e4 c5 2. Nf3 d6 3. d4 cxd4 4. Nxd4 Nf6 5. Nc3 a6 6. Be3 e5 7. Nf3 h6 8. Bc4 Be6 9. Qe2 Nbd7 10. 0-0 Rc8 11. Bb3 Be7 12. Nh4 0-0 13. Ng6 Bxb3 14. Nxe7+ Qxe7 15. axb3 Qe6 16. Rfd1 Ne8 17. Ra5 f5 18. f3 fxe4 19. Nxe4 Ndf6 20. Nxf6+ Nxf6 21. c4 Rcd8 22. Qd3 Qf7 23. h3 Qc7 24. b4 Qe7 25. Bf2 Kh8 26. Bh4 g5 27. Bg3 Kg7 28. Kh2 Qf7 29. b5 axb5 30. Rxb5 Rd7 31. Qb3 Rc8 32. Rb4 Rcc7 33. Qd3 Qe6 34. Re1 Qf7 35. b3 Rc6 36. Rb5 Re7 37. Qf5 Qe8 38. Kg1 1-0

[Event "Samara Zhigulevskie Prostory op"]
[Site "Samara"]
[Date "2007.07.20"]
[Round "1"]
[White "Danilova, Irina M"]
[Black "Sudarkin, Gregory"]
[Result "0-1"]
[WhiteElo "1847"]
[BlackElo "2154"]
[PlyCount "56"]
[EventDate "2007.07.20"]
[EventType "swiss"]
[EventRounds "9"]
[EventCountry "RUS"]
[SourceTitle "EXT 2022"]
[Source "ChessBase"]
[SourceDate "2021.10.06"]
[SourceVersion "1"]
[SourceVersionDate "2021.10.06"]
[SourceQuality "1"]

1. e4 c5 2. Nf3 d6 3. d4 cxd4 4. Nxd4 Nf6 5. Nc3 a6 6. Be3 e5 7. Nb3 Be7 8. f3 Be6 9. Qd2 Nbd7 10. g4 b5 11. g5 Nh5 12. a4 b4 13. Nd5 Bxd5 14. Qxd5 0-0 15. Qd2 Qc7 16. Rg1 Rfe8 17. h4 Nf8 18. Bh3 Ng6 19. Bg4 Ngf4 20. Bxh5 Nxh5 21. a5 Rac8 22. Rg2 Qc4 23. Nc1 Qe6 24. Ra4 Qh3 25. Rxb4 d5 26. Rb6 d4 27. Bxd4 exd4 28. Rxa6 Bb4 0-1

[Event "Chigorin Memorial 13th"]
[Site "St Petersburg"]
[Date "2005.10.20"]
[Round "6"]
[White "Van de Oudeweetering, Arthur"]
[Black "Sudarkin, Gregory"]
[Result "1/2-1/2"]
[WhiteElo "2371"]
[BlackElo "2177"]
[PlyCount "84"]
[EventDate "2005.10.15"]
[EventType "swiss"]
[EventRounds "9"]
[EventCountry "RUS"]
[SourceTitle "CBM 108 Extra"]
[Source "ChessBase"]
[SourceDate "2005.11.04"]
[SourceVersion "1"]
[SourceVersionDate "2005.11.04"]
[SourceQuality "1"]

1. e4 c5 2. c3 d5 3. exd5 Qxd5 4. d4 Nf6 5. Nf3 Bg4 6. Be2 e6 7. h3 Bh5 8. 0-0 Nc6 9. Be3 cxd4 10. Nxd4 Bxe2 11. Qxe2 Nxd4 12. Bxd4 Be7 13. Nd2 0-0 14. Rfe1 Rfd8 15. Nf3 Qf5 16. c4 Nd7 17. Rad1 Bf6 18. b3 Nf8 19. Rd2 Ng6 20. Red1 Qa5 21. Bxf6 gxf6 22. Qe4 Rxd2 23. Rxd2 Qc7 24. h4 h5 25. Qd4 Kg7 26. Qd7 Rc8 27. Qb5 Ne5 28. Nxe5 Qxe5 29. Qxe5 fxe5 30. Rd7 Rb8 31. Kf1 Kg6 32. Ke2 f6 33. Ke3 a5 34. Re7 b5 35. Rxe6 bxc4 36. bxc4 Rb2 37. Ra6 Rxa2 38. c5 a4 39. c6 Rc2 40. Kd3 Rc5 41. Ke4 a3 42. Rxa3 f5+ 1/2-1/2

[Event "Chigorin Memorial 13th"]
[Site "St Petersburg"]
[Date "2005.10.19"]
[Round "5"]
[White "Sudarkin, Gregory"]
[Black "Jezov, Roman"]
[Result "1-0"]
[WhiteElo "2177"]
[BlackElo "2086"]
[PlyCount "163"]
[EventDate "2005.10.15"]
[EventType "swiss"]
[EventRounds "9"]
[EventCountry "RUS"]
[SourceTitle "CBM 108 Extra"]
[Source "ChessBase"]
[SourceDate "2005.11.04"]
[SourceVersion "1"]
[SourceVersionDate "2005.11.04"]
[SourceQuality "1"]

1. e4 c5 2. Nf3 e6 3. d4 cxd4 4. Nxd4 a6 5. Bd3 Qc7 6. 0-0 Nf6 7. Kh1 Be7 8. Nc3 b5 9. a3 Bb7 10. Qe2 d6 11. f4 Nbd7 12. Be3 Nc5 13. Bg1 0-0 14. Rae1 Rac8 15. Rf3 Nxd3 16. cxd3 Rfd8 17. Be3 Ng4 18. Bg1 Nf6 19. Ref1 Bf8 20. Rh3 g6 21. Be3 Bg7 22. Kg1 h5 23. Rg3 Ng4 24. Rxg4 hxg4 25. Qxg4 d5 26. e5 Qe7 27. h4 Re8 28. h5 f5 29. Qxg6 Qf7 30. Qg5 Kh7 31. g4 Bh6 32. Qg6+ Qxg6 33. hxg6+ Kxg6 34. gxf5+ exf5 35. Kf2 Rf8 36. Rg1+ Kh7 37. Kf3 Rce8 38. Nce2 Rg8 39. Rh1 Rg6 40. Rh5 Kg8 41. Ng3 Rxe5 42. Ngxf5 Bxf4 43. Bxf4 Re8 44. Rh2 Bc8 45. Rc2 Bxf5 46. Nxf5 Rf6 47. Nh6+ Kh7 48. Rc7+ Kg6 49. Ng4 Rfe6 50. d4 Re4 51. Rc6+ R8e6 52. Rxe6+ Rxe6 53. Ne5+ Kf5 54. Bd2 Re8 55. Ke3 Rh8 56. Kd3 Rh3+ 57. Kc2 Ke4 58. Bc3 b4 59. axb4 Rh1 60. Kb3 Ra1 61. b5 axb5 62. Kb4 Ra8 63. Kxb5 Rc8 64. Kb6 Ra8 65. Kb7 Ra4 66. Nc6 Ra1 67. Kb6 Ra4 68. Kb5 Rc4 69. Ba5 Rc2 70. b4 Kd3 71. Bb6 Rc1 72. Bc5 Rb1 73. Ne7 Ke4 74. Ka5 Ra1+ 75. Kb6 Rb1 76. b5 Rh1 77. Kc7 Rc1 78. Kc6 Rh1 79. b6 Rh7 80. b7 Rxe7 81. Bxe7 Kxd4 82. b8Q 1-0

[Event "St Petersburg White Nights op"]
[Site "St Petersburg"]
[Date "2004.??.??"]
[Round "5"]
[White "Grabinsky, Vladimir"]
[Black "Sudarkin, Gregory"]
[Result "1-0"]
[WhiteElo "2310"]
[BlackElo "2164"]
[PlyCount "79"]
[EventDate "2004.06.??"]
[EventType "swiss"]
[EventRounds "9"]
[EventCountry "RUS"]
[SourceTitle "CBM 100 Extra"]
[Source "ChessBase"]
[SourceDate "2004.07.06"]
[SourceVersion "2"]
[SourceVersionDate "2004.07.06"]
[SourceQuality "1"]

1. e4 c5 2. b4 cxb4 3. a3 e6 4. axb4 Bxb4 5. c3 Be7 6. d4 d6 7. Bd3 Nf6 8. Ne2 0-0 9. 0-0 Ne8 10. f4 f5 11. e5 d5 12. Na3 Bd7 13. g4 g6 14. Ng3 Ng7 15. h3 Bc6 16. Qe2 Nd7 17. Nc2 Kh8 18. Ne3 Qe8 19. Ra2 a6 20. Qf3 Nb6 21. h4 fxg4 22. Qxg4 Nf5 23. Rff2 Rg8 24. Rh2 Bb5 25. Bb1 Nc4 26. Nef1 Bd7 27. h5 Qf7 28. Rag2 Raf8 29. Qh3 b5 30. Bd3 Bc8 31. Kh1 a5 32. Be2 g5 33. h6 Nxg3+ 34. Nxg3 gxf4 35. Bh5 Rg6 36. Bxg6 Qxg6 37. Ne2 Qe4 38. Qg4 Qg6 39. Qxg6 hxg6 40. Nxf4 1-0

[Event "St Petersburg White Nights op"]
[Site "St Petersburg"]
[Date "2004.??.??"]
[Round "4"]
[White "Sudarkin, Gregory"]
[Black "Glazov, Anatoly"]
[Result "1-0"]
[WhiteElo "2164"]
[BlackElo "2041"]
[PlyCount "63"]
[EventDate "2004.06.??"]
[EventType "swiss"]
[EventRounds "9"]
[EventCountry "RUS"]
[SourceTitle "CBM 100 Extra"]
[Source "ChessBase"]
[SourceDate "2004.07.06"]
[SourceVersion "2"]
[SourceVersionDate "2004.07.06"]
[SourceQuality "1"]

1. e4 d6 2. d4 Nf6 3. Nc3 g6 4. Be3 Bg7 5. Qd2 0-0 6. f3 Nbd7 7. 0-0-0 c6 8. Bh6 b5 9. Bxg7 Kxg7 10. h4 h5 11. e5 Ne8 12. g4 Rh8 13. gxh5 Rxh5 14. f4 e6 15. Nf3 Qa5 16. Kb1 b4 17. Ne4 c5 18. Ng3 Rh6 19. h5 Bb7 20. Bg2 c4 21. hxg6 c3 22. Qe3 Rxg6 23. f5 Bd5 24. a3 bxa3 25. bxc3 Qb5+ 26. Kc1 Nb6 27. Bf1 Qb2+ 28. Kd2 exf5 29. Nxf5+ Kf8 30. Rh8+ Rg8 31. Qh6+ Ng7 32. Rxg8+ 1-0